[Event "Sunway Formentera op 3rd"]
[Site "Sant Ferran de ses Roques"]
[Date "2024.04.10"]
[Round "2"]
[White "Botez, Alexandra"]
[Black "Akshit, Kumar J"]
[Result "0-1"]
[WhiteElo "1970"]
[BlackElo "2172"]
[PlyCount "108"]
[EventDate "2024.04.09"]
[EventType "swiss"]
[EventRounds "10"]
[EventCountry "ESP"]
[SourceTitle "CB17_2024"]
[SourceDate "2024.04.24"]
[SourceVersion "1"]
[SourceVersionDate "2024.04.24"]
[SourceQuality "1"]

1. d4 d5 2. c4 c6 3. cxd5 cxd5 4. Nc3 Nf6 5. Bf4 Nc6 6. e3 a6 7. Be2 Bf5 8. Nf3 e6 9. Qb3 Nh5 10. Be5 f6 11. Bg3 Nxg3 12. hxg3 Na5 13. Qd1 Qb6 14. 0-0 Qxb2 15. Na4 Qc2 16. Nb6 Qxd1 17. Rfxd1 Rd8 18. Rdc1 g5 19. Ne1 Ba3 20. Bh5+ Ke7 21. Rc7+ Kd6 22. Rf7 Kc6 23. g4 Be4 24. Na4 Rhf8 25. f3 Bg6 26. Bxg6 hxg6 27. Rg7 Rg8 28. Rf7 Rdf8 29. Rh7 b5 30. Nc2 Bd6 31. Nb2 Kb6 32. Nd3 Rc8 33. Nce1 Nc4 34. Kf2 f5 35. gxf5 gxf5 36. a4 b4 37. Nc5 Bxc5 38. dxc5+ Kxc5 39. Nd3+ Kd6 40. Nxb4 Rb8 41. Nd3 Rb3 42. Ke2 Rc8 43. Ra2 Na5 44. Ra7 Rc6 45. Nf2 Rbc3 46. Nd1 Rc1 47. Kd2 Nb3+ 48. Ke1 f4 49. Rb2 Nc5 50. Kd2 Nxa4 51. Rb3 R6c2+ 52. Ke1 Nb2 53. Rxa6+ Ke5 54. exf4+ gxf4 0-1

[Event "Reykjavik op"]
[Site "Reykjavik"]
[Date "2024.03.17"]
[Round "4"]
[White "Botez, Alexandra"]
[Black "Rognvaldsson, Geir"]
[Result "1-0"]
[WhiteElo "1986"]
[BlackElo "1699"]
[PlyCount "57"]
[EventDate "2024.03.15"]
[EventType "swiss"]
[EventRounds "9"]
[EventCountry "ISL"]
[SourceTitle "CB13_2024"]
[SourceDate "2024.03.27"]
[SourceVersion "1"]
[SourceVersionDate "2024.03.27"]
[SourceQuality "1"]

1. d4 Nf6 2. c4 e6 3. Nc3 c5 4. d5 d6 5. Nf3 Nbd7 6. h3 Be7 7. dxe6 fxe6 8. e4 0-0 9. Be3 a6 10. Qd2 Nb8 11. 0-0-0 Nc6 12. e5 dxe5 13. Qxd8 Nxd8 14. Nxe5 b6 15. Kb1 Bb7 16. f3 Nc6 17. Nd7 Nxd7 18. Rxd7 Rab8 19. Be2 Bf6 20. Na4 Nd4 21. Bxd4 Bxd4 22. Rd6 b5 23. Nb6 bxc4 24. Bxc4 Bd5 25. Nxd5 Rxb2+ 26. Kc1 exd5 27. Rxd5 Bf6 28. Rd8+ Kh8 29. Rxf8# 1-0

[Event "Reykjavik op"]
[Site "Reykjavik"]
[Date "2024.03.15"]
[Round "1"]
[White "Karsten, Jan"]
[Black "Botez, Alexandra"]
[Result "0-1"]
[WhiteElo "2323"]
[BlackElo "1986"]
[PlyCount "102"]
[EventDate "2024.03.15"]
[EventType "swiss"]
[EventRounds "9"]
[EventCountry "ISL"]
[SourceTitle "CB13_2024"]
[SourceDate "2024.03.27"]
[SourceVersion "1"]
[SourceVersionDate "2024.03.27"]
[SourceQuality "1"]

1. e4 e6 2. d4 d5 3. Nc3 Nf6 4. Bg5 Bb4 5. e5 h6 6. Bd2 Bxc3 7. bxc3 Ne4 8. Bc1 c5 9. Ne2 Nc6 10. f3 Ng5 11. h4 Nh7 12. Ba3 Qc7 13. f4 b6 14. Qd3 Na5 15. Qg3 g6 16. dxc5 bxc5 17. Qe3 Nb7 18. c4 d4 19. Qf3 Bd7 20. Ng3 Bc6 21. Qd3 0-0-0 22. Be2 Bxg2 23. Kf2 Bc6 24. Bf3 f5 25. Rab1 g5 26. hxg5 Bxf3 27. Qxf3 hxg5 28. Rh6 gxf4 29. Nxf5 Ng5 30. Qxb7+ Qxb7 31. Nd6+ Kc7 32. Rxb7+ Kc6 33. Rxh8 Rxh8 34. Rxa7 Rh2+ 35. Kf1 f3 36. Ra6+ Kd7 37. Ra7+ Kc6 38. Nb5 Ne4 39. Rc7+ Kb6 40. Bxc5+ Nxc5 41. Rf7 Ne4 42. Kg1 Rg2+ 43. Kf1 Rxc2 44. Rxf3 Nd2+ 45. Ke2 Nxf3+ 46. Kxf3 Rxc4 47. Nd6 Ra4 48. Ke4 Kc5 49. a3 d3+ 50. Kxd3 Rxa3+ 51. Ke4 Ra4+ 0-1

[Event "Prague op"]
[Site "Prague"]
[Date "2024.02.29"]
[Round "2"]
[White "Botez, Alexandra"]
[Black "Milner, Romi"]
[Result "1/2-1/2"]
[WhiteElo "1977"]
[BlackElo "1716"]
[PlyCount "93"]
[EventDate "2024.02.28"]
[EventType "swiss"]
[EventRounds "9"]
[EventCountry "CZE"]
[SourceTitle "CB11_2024"]
[SourceDate "2024.03.13"]
[SourceVersion "1"]
[SourceVersionDate "2024.03.13"]
[SourceQuality "1"]

1. d4 d5 2. c4 e6 3. Nc3 Nf6 4. cxd5 Nxd5 5. e4 Nxc3 6. bxc3 c5 7. Nf3 cxd4 8. cxd4 Bb4+ 9. Bd2 Bxd2+ 10. Qxd2 0-0 11. Bc4 Nd7 12. 0-0 b6 13. d5 exd5 14. exd5 Bb7 15. Rfe1 Nf6 16. Rad1 Rc8 17. Bb3 Rc5 18. d6 Bd5 19. Qf4 Bxb3 20. axb3 Nd5 21. Qh4 Qxh4 22. Nxh4 Nc3 23. Rd2 Ne4 24. Rd4 Nf6 25. g4 Rd5 26. Rxd5 Nxd5 27. Re5 Nf6 28. Re7 Nxg4 29. Rxa7 Rd8 30. h3 Nf6 31. Nf5 g6 32. Nh6+ Kg7 33. Nxf7 Rd7 34. Rxd7 Nxd7 35. Ng5 h6 36. Ne4 Kf7 37. f3 Nc5 38. b4 Nb7 39. Kf2 Ke6 40. Ke3 Nxd6 41. Nxd6 Kxd6 42. Kd4 g5 43. b5 h5 44. Ke4 Ke6 45. Kd4 Kd6 46. Ke4 Ke6 47. Kd4 1/2-1/2

[Event "Titled Tuesday intern op 26th Sep Late"]
[Site "Chess.com INT"]
[Date "2023.09.26"]
[Round "4"]
[White "Botez, Alexandra"]
[Black "Marcziter, Dmitrii"]
[Result "0-1"]
[WhiteElo "1977"]
[BlackElo "2236"]
[PlyCount "80"]
[EventDate "2023.09.26"]
[EventType "swiss (blitz)"]
[EventRounds "11"]
[EventCountry "USA"]
[SourceTitle "EXT 2024"]
[Source "ChessBase"]
[SourceDate "2023.10.10"]
[SourceVersion "1"]
[SourceVersionDate "2023.10.10"]
[SourceQuality "1"]

1. d4 Nf6 2. c4 g6 3. Nc3 Bg7 4. e4 d6 5. f3 0-0 6. Be3 Nbd7 7. Qd2 Re8 8. Nge2 c5 9. g3 cxd4 10. Nxd4 Ne5 11. b3 a6 12. Bg2 Bd7 13. 0-0 Rc8 14. Rac1 Nc6 15. Nd5 Nxd4 16. Bxd4 Nxd5 17. exd5 e5 18. Be3 f5 19. Qb4 Qc7 20. Bb6 Qb8 21. Rfe1 Rf8 22. Bh3 Rce8 23. c5 dxc5 24. Bxc5 Rf7 25. Bd6 Qd8 26. Bc7 Qg5 27. f4 Qh5 28. Bg2 e4 29. Qxb7 Bb5 30. d6 Bd4+ 31. Kh1 Bf2 32. h3 Bxg3 33. Red1 Bxf4 34. d7 Bxd7 35. Bxf4 Bb5 36. Qd5 Be2 37. Rc7 Ref8 38. Rxf7 Rxf7 39. Rc1 Bf3 40. Be5 Qxh3+ 0-1

[Event "Titled Tuesday intern op 19th Sep Late"]
[Site "Chess.com INT"]
[Date "2023.09.19"]
[Round "2"]
[White "Botez, Alexandra"]
[Black "Sroczynski, Maciej"]
[Result "0-1"]
[WhiteElo "1977"]
[BlackElo "2271"]
[PlyCount "124"]
[EventDate "2023.09.19"]
[EventType "swiss (blitz)"]
[EventRounds "11"]
[EventCountry "USA"]
[SourceTitle "EXT 2024"]
[Source "ChessBase"]
[SourceDate "2023.10.10"]
[SourceVersion "1"]
[SourceVersionDate "2023.10.10"]
[SourceQuality "1"]

1. d4 c5 2. d5 e5 3. c4 d6 4. Nc3 Ne7 5. g3 Ng6 6. Bg2 a6 7. Nf3 Be7 8. 0-0 h5 9. h4 Nd7 10. Bg5 Nf6 11. Nd2 Ng4 12. Bxe7 Qxe7 13. e4 Bd7 14. a4 f5 15. exf5 Bxf5 16. Nde4 0-0 17. Ng5 Bd7 18. Be4 Bf5 19. Qe2 Rf6 20. f3 Nh6 21. Kg2 Raf8 22. Rf2 Nf7 23. Bxf5 Rxf5 24. Ne6 Re8 25. Qd3 Nh6 26. Ne4 Nf8 27. N6g5 Qd7 28. b3 Nf7 29. Raf1 Nxg5 30. Nxg5 g6 31. Qc2 b5 32. axb5 axb5 33. cxb5 Qxb5 34. g4 hxg4 35. fxg4 Rxf2+ 36. Qxf2 Qb7 37. Rd1 e4 38. Qe3 Qe7 39. h5 gxh5 40. gxh5 Nd7 41. Rg1 Kh8 42. Kh1 Nf6 43. Ne6 Rg8 44. Qh6+ Nh7 45. Rg6 Qf7 46. Rxg8+ Kxg8 47. Qg6+ Qxg6 48. hxg6 Nf8 49. Nxf8 Kxf8 50. Kg2 Kg7 51. Kg3 Kxg6 52. Kf4 Kf6 53. Kxe4 Kg5 54. Kd3 Kf4 55. Kc4 Ke5 56. b4 cxb4 57. Kxb4 Kxd5 58. Kb3 Kd4 59. Kb2 Kd3 60. Kc1 d5 61. Kd1 d4 62. Ke1 Kc2 0-1

[Event "Titled Tuesday intern op 19th Sep Late"]
[Site "Chess.com INT"]
[Date "2023.09.19"]
[Round "10"]
[White "Botez, Alexandra"]
[Black "Wisniowski, Natalie"]
[Result "1-0"]
[WhiteElo "1977"]
[BlackElo "1896"]
[PlyCount "165"]
[EventDate "2023.09.19"]
[EventType "swiss (blitz)"]
[EventRounds "11"]
[EventCountry "USA"]
[SourceTitle "EXT 2024"]
[Source "ChessBase"]
[SourceDate "2023.10.10"]
[SourceVersion "1"]
[SourceVersionDate "2023.10.10"]
[SourceQuality "1"]

1. d4 Nf6 2. c4 e6 3. Nf3 d5 4. e3 Be7 5. Nc3 0-0 6. cxd5 exd5 7. Bd3 b6 8. 0-0 Bb7 9. a3 c5 10. dxc5 bxc5 11. Bd2 Nc6 12. Rc1 Rc8 13. Bb1 d4 14. exd4 cxd4 15. Ne4 Re8 16. Re1 Qb6 17. b4 a5 18. Nxf6+ Bxf6 19. Qb3 axb4 20. axb4 g6 21. Ba2 Rf8 22. Bh6 Bg7 23. Bxg7 Kxg7 24. Ng5 Nd8 25. Rxc8 Bxc8 26. h3 Ne6 27. Nf3 Qd6 28. Rd1 Qf4 29. b5 Bb7 30. Qd3 Rd8 31. Bxe6 fxe6 32. Re1 Bd5 33. Qxd4+ Qxd4 34. Nxd4 Kf6 35. Nc6 Bxc6 36. bxc6 Rc8 37. Rc1 Ke7 38. f4 Kd6 39. Kf2 Rxc6 40. Rd1+ Ke7 41. Rd2 Kf6 42. g3 Rc4 43. Re2 Rc3 44. Kg2 Rb3 45. Kf2 Ra3 46. Rd2 Rb3 47. g4 Rxh3 48. Rd8 h6 49. Rf8+ Kg7 50. Re8 Kf7 51. Rh8 h5 52. g5 Rh4 53. Kf3 Rh1 54. Rh7+ Kf8 55. Ra7 Re1 56. Rh7 Rb1 57. Ke4 Rb5 58. Ra7 h4 59. Ra3 Rb4+ 60. Ke5 Kf7 61. Ra7+ Kf8 62. Ra8+ Kf7 63. Ra7+ Kf8 64. Ra3 Kf7 65. Rh3 Rb5+ 66. Ke4 Rb4+ 67. Ke5 Rb5+ 68. Kd6 Rb6+ 69. Kc5 Rb8 70. Rxh4 Rc8+ 71. Kd6 Rd8+ 72. Ke5 Rd5+ 73. Ke4 Rc5 74. Rh7+ Kf8 75. Ra7 Rc4+ 76. Ke5 Rc1 77. Kf6 Ke8 78. Kxe6 Re1+ 79. Kf6 Rf1 80. Ra4 Rf3 81. Kxg6 Kf8 82. f5 Kg8 83. Ra8# 1-0

[Event "Titled Tuesday intern op 19th Sep Late"]
[Site "Chess.com INT"]
[Date "2023.09.19"]
[Round "3"]
[White "Hajiyev, Kanan"]
[Black "Botez, Alexandra"]
[Result "0-1"]
[WhiteElo "2113"]
[BlackElo "1977"]
[PlyCount "124"]
[EventDate "2023.09.19"]
[EventType "swiss (blitz)"]
[EventRounds "11"]
[EventCountry "USA"]
[SourceTitle "EXT 2024"]
[Source "ChessBase"]
[SourceDate "2023.10.10"]
[SourceVersion "1"]
[SourceVersionDate "2023.10.10"]
[SourceQuality "1"]

1. d4 d5 2. Nf3 e6 3. c4 Nf6 4. cxd5 exd5 5. Nc3 a6 6. Qc2 Nc6 7. Bg5 h6 8. Bxf6 gxf6 9. e3 Be6 10. Bd3 Bd6 11. a3 Qd7 12. Na4 b6 13. Rc1 Ne7 14. Nc3 c5 15. Na4 c4 16. Bxc4 dxc4 17. Nxb6 Qb7 18. Nxa8 Qxa8 19. e4 Bf4 20. Rd1 Qc8 21. 0-0 Bg4 22. Qc3 Rg8 23. Kh1 Qc7 24. h3 Bh5 25. Rde1 Kf8 26. d5 Be5 27. Nxe5 fxe5 28. Rc1 Qb6 29. Qxe5 Be2 30. Rfe1 Bd3 31. Qf4 Qg6 32. g3 Kg7 33. Qe5+ Qf6 34. Qxf6+ Kxf6 35. e5+ Kf5 36. d6 Nc6 37. g4+ Kf4 38. e6 fxe6 39. Rxe6 Nd4 40. Re3 Rd8 41. Rce1 Rxd6 42. Re7 Rf6 43. Kh2 Nf3+ 44. Kg2 Nxe1+ 45. Rxe1 Be4+ 46. Kf1 Bf3 47. Rc1 Rc6 48. Rc3 Ke4 49. Ke1 a5 50. Re3+ Kf4 51. Rc3 Rc5 52. Kd2 Rd5+ 53. Kc2 Be4+ 54. Kc1 Rd4 55. Re3 Rd3 56. Re2 Rxh3 57. b3 cxb3 58. Rd2 Rd3 59. Re2 a4 60. Re1 Rc3+ 61. Kb2 Rc2+ 62. Ka1 Ra2# 0-1

[Event "Titled Tuesday intern op 19th Sep Late"]
[Site "Chess.com INT"]
[Date "2023.09.19"]
[Round "7"]
[White "Senft, Sean"]
[Black "Botez, Alexandra"]
[Result "1-0"]
[WhiteElo "2107"]
[BlackElo "1977"]
[PlyCount "65"]
[EventDate "2023.09.19"]
[EventType "swiss (blitz)"]
[EventRounds "11"]
[EventCountry "USA"]
[SourceTitle "EXT 2024"]
[Source "ChessBase"]
[SourceDate "2023.10.10"]
[SourceVersion "1"]
[SourceVersionDate "2023.10.10"]
[SourceQuality "1"]

1. d4 c5 2. d5 d6 3. c4 g6 4. Nc3 Bg7 5. e4 Nd7 6. Bd3 Ne5 7. Be2 Nf6 8. f4 Ned7 9. Nf3 0-0 10. 0-0 a6 11. a4 Qc7 12. Bd3 e6 13. f5 exf5 14. exf5 Ne5 15. Nxe5 dxe5 16. Bg5 Bd7 17. Bxf6 Bxf6 18. Ne4 Bg7 19. f6 Bh6 20. Qe1 Bf5 21. Rxf5 gxf5 22. Qh4 Be3+ 23. Nf2 h6 24. Qg3+ Bg5 25. h4 Kh8 26. hxg5 Rg8 27. Qh4 Rg6 28. Bxf5 Kg8 29. Bxg6 fxg6 30. Qxh6 Qh7 31. Qxh7+ Kxh7 32. Ng4 e4 33. Re1 1-0

[Event "Titled Tuesday intern op 30th May Late"]
[Site "Chess.com INT"]
[Date "2023.05.30"]
[Round "1"]
[White "Keleberda, Timur"]
[Black "Botez, Alexandra"]
[Result "1-0"]
[WhiteElo "2287"]
[BlackElo "1977"]
[PlyCount "97"]
[EventDate "2023.05.30"]
[EventType "swiss (blitz)"]
[EventRounds "11"]
[EventCountry "USA"]
[SourceTitle "CBM 214 Extra"]
[Source "ChessBase"]
[SourceDate "2023.07.31"]
[SourceVersion "1"]
[SourceVersionDate "2023.07.31"]
[SourceQuality "1"]

1. e4 e6 2. d4 d5 3. Nc3 Nf6 4. e5 Nfd7 5. f4 c5 6. Nf3 Nc6 7. Ne2 b5 8. c3 b4 9. cxb4 cxb4 10. g3 a5 11. Bh3 g6 12. 0-0 Ba6 13. Be3 Be7 14. Rc1 Rc8 15. Qd2 0-0 16. Rc2 Qb6 17. Rfc1 Bxe2 18. Qxe2 Na7 19. Bf1 Rxc2 20. Rxc2 Rc8 21. Rxc8+ Nxc8 22. Qa6 Qxa6 23. Bxa6 Ncb6 24. b3 Kf8 25. Bb5 h6 26. Kf2 f5 27. exf6 Bxf6 28. Bd3 Kf7 29. h4 h5 30. Ne5+ Bxe5 31. fxe5 Nc8 32. Bb5 Ndb6 33. Bg5 Ne7 34. Bxe7 Kxe7 35. Ke3 Kf7 36. Kf4 Nc8 37. Kg5 Ne7 38. Bd3 Kg7 39. Bc2 Kf7 40. Kh6 Nc6 41. Bxg6+ Ke7 42. Kxh5 Nxd4 43. Kg5 Nb5 44. h5 Kf8 45. h6 Kg8 46. Kf6 Nc7 47. Ke7 d4 48. Be4 Nd5+ 49. Kxe6 1-0

[Event "Titled Tuesday intern op 30th May Late"]
[Site "Chess.com INT"]
[Date "2023.05.30"]
[Round "8"]
[White "Nilsen, Tobias Lang"]
[Black "Botez, Alexandra"]
[Result "0-1"]
[WhiteElo "2219"]
[BlackElo "1977"]
[PlyCount "74"]
[EventDate "2023.05.30"]
[EventType "swiss (blitz)"]
[EventRounds "11"]
[EventCountry "USA"]
[SourceTitle "CBM 214 Extra"]
[Source "ChessBase"]
[SourceDate "2023.07.31"]
[SourceVersion "1"]
[SourceVersionDate "2023.07.31"]
[SourceQuality "1"]

1. e4 e6 2. d4 d5 3. Nc3 Nf6 4. e5 Nfd7 5. f4 c5 6. Nf3 Nc6 7. Be3 a6 8. a3 b5 9. Bd3 cxd4 10. Nxd4 Nxd4 11. Bxd4 Bc5 12. Ne2 Qb6 13. c3 f5 14. b4 Bxd4 15. Nxd4 0-0 16. 0-0 Nb8 17. Kh1 Nc6 18. Nb3 Ra7 19. a4 Rff7 20. Qe2 bxa4 21. Rxa4 d4 22. Qf2 Bd7 23. Rfa1 Nxe5 24. fxe5 Bxa4 25. Rxa4 Qc6 26. Nc5 dxc3 27. Qc2 a5 28. Ra1 axb4 29. Na4 Rfd7 30. Rd1 Qxa4 31. Qb1 h6 32. Rf1 Qa2 33. Qxb4 Rxd3 34. h4 Rad7 35. Qb8+ Kh7 36. h5 Rg3 37. Qe8 Qxg2# 0-1

[Event "Titled Tuesday intern op 09th May Early"]
[Site "Chess.com INT"]
[Date "2023.05.09"]
[Round "6"]
[White "Botez, Alexandra"]
[Black "Qiao, Cindy"]
[Result "0-1"]
[WhiteElo "1977"]
[BlackElo "1785"]
[PlyCount "126"]
[EventDate "2023.05.09"]
[EventType "swiss (blitz)"]
[EventRounds "11"]
[EventCountry "USA"]
[SourceTitle "CBM 214 Extra"]
[Source "ChessBase"]
[SourceDate "2023.07.31"]
[SourceVersion "1"]
[SourceVersionDate "2023.07.31"]
[SourceQuality "1"]

1. d4 d5 2. c4 e6 3. Nf3 Nf6 4. g3 Be7 5. Bg2 0-0 6. 0-0 dxc4 7. Ne5 Nc6 8. Nxc6 bxc6 9. Na3 Bxa3 10. bxa3 Rb8 11. Qd2 Qe7 12. Qa5 Bb7 13. Qxa7 Nd5 14. e4 Nb6 15. Bd2 Qd7 16. Bc3 Ra8 17. Qxb7 Rfb8 18. Qxa8 Rxa8 19. Rfd1 Rxa3 20. Bb4 Ra4 21. a3 h6 22. Rac1 Ra8 23. Bf1 Rd8 24. Be2 Qc8 25. Bxc4 Nxc4 26. Rxc4 e5 27. Bc5 exd4 28. Bxd4 Qa6 29. Rc3 Qa4 30. Rcd3 Qc4 31. Rc3 Qb5 32. Rcd3 c5 33. Kg2 Rxd4 34. Rxd4 cxd4 35. Rxd4 Qc5 36. Rb4 Kh7 37. Kf3 Qc3+ 38. Kg2 Qxa3 39. Rc4 Qd6 40. Kf3 Qf6+ 41. Kg2 Qe5 42. h3 f6 43. Kh2 Qb2 44. Kg2 Qe2 45. Rxc7 Qxe4+ 46. Kh2 Qf3 47. Rc2 Kg6 48. Rd2 h5 49. Kg1 h4 50. Kh2 hxg3+ 51. fxg3 Kh5 52. Rg2 g5 53. Rg1 f5 54. Rg2 Qe3 55. Ra2 f4 56. g4+ Kh4 57. Rg2 Qxh3+ 58. Kg1 Qe3+ 59. Kh1 f3 60. Rh2+ Kxg4 61. Rh4+ Kxh4 62. Kh2 Qf2+ 63. Kh1 Qg2# 0-1

[Event "Titled Tuesday intern op 21st Mar Early"]
[Site "Chess.com INT"]
[Date "2023.03.21"]
[Round "5"]
[White "Aarav, Dengla"]
[Black "Botez, Alexandra"]
[Result "1-0"]
[WhiteElo "2349"]
[BlackElo "1988"]
[PlyCount "72"]
[EventDate "2023.03.21"]
[EventType "swiss (blitz)"]
[EventRounds "11"]
[EventCountry "USA"]
[SourceTitle "EXT 2024"]
[Source "ChessBase"]
[SourceDate "2023.10.10"]
[SourceVersion "1"]
[SourceVersionDate "2023.10.10"]
[SourceQuality "1"]

1. e4 e6 2. d3 d5 3. Nd2 Nf6 4. g3 c5 5. Bg2 Nc6 6. Ngf3 dxe4 7. dxe4 e5 8. 0-0 Bd6 9. c3 0-0 10. Qe2 h6 11. Rd1 Qe7 12. Nf1 a6 13. Ne3 b5 14. Nh4 Bc7 15. Nd5 Nxd5 16. exd5 g5 17. d6 Bxd6 18. Bxc6 Rb8 19. Ng2 c4 20. Be3 Kg7 21. Rd2 Bf5 22. Qf3 Bg6 23. Rad1 Rfd8 24. h4 f5 25. hxg5 hxg5 26. Re1 e4 27. Bd4+ Be5 28. Qe3 Qf6 29. Red1 Bxd4 30. Rxd4 Rxd4 31. Qxd4 Rc8 32. Qd7+ Bf7 33. Qxc8 f4 34. gxf4 gxf4 35. Qg4+ Qg6 36. Qxg6+ Kxg6 1-0

[Event "Titled Tuesday intern op 14th Mar Early"]
[Site "Chess.com INT"]
[Date "2023.03.14"]
[Round "8"]
[White "Botez, Alexandra"]
[Black "Senft, Sean"]
[Result "1-0"]
[WhiteElo "1988"]
[BlackElo "2089"]
[PlyCount "69"]
[EventDate "2023.03.14"]
[EventType "swiss (blitz)"]
[EventRounds "11"]
[EventCountry "USA"]
[SourceTitle "EXT 2024"]
[Source "ChessBase"]
[SourceDate "2023.10.10"]
[SourceVersion "1"]
[SourceVersionDate "2023.10.10"]
[SourceQuality "1"]

1. d4 d5 2. Nf3 c6 3. g3 Nf6 4. Bg2 Bf5 5. 0-0 e6 6. c4 Nbd7 7. Nbd2 Be7 8. b3 0-0 9. Bb2 Ne4 10. Nxe4 Bxe4 11. Nd2 Bxg2 12. Kxg2 h5 13. f4 h4 14. Nf3 f5 15. e3 Kf7 16. Nxh4 Rh8 17. Nf3 Kg8 18. h4 Nf6 19. Ng5 Ne4 20. Nxe6 Qd7 21. Ng5 Bxg5 22. fxg5 Rf8 23. Ba3 Rf7 24. Rf3 g6 25. Qe2 Rfh7 26. cxd5 cxd5 27. Rc1 Nxg3 28. Rxg3 Rxh4 29. Kf3 Qe6 30. Qd3 Rh2 31. Rcg1 R8h4 32. R1g2 Rh1 33. Qc2 Re4 34. Qf2 Rd1 35. Rh2 1-0

[Event "Titled Tuesday intern op 14th Mar Early"]
[Site "Chess.com INT"]
[Date "2023.03.14"]
[Round "1"]
[White "Botez, Alexandra"]
[Black "Tillyaev, Ulugbek"]
[Result "0-1"]
[WhiteElo "1988"]
[BlackElo "2287"]
[PlyCount "116"]
[EventDate "2023.03.14"]
[EventType "swiss (blitz)"]
[EventRounds "11"]
[EventCountry "USA"]
[SourceTitle "EXT 2024"]
[Source "ChessBase"]
[SourceDate "2023.10.10"]
[SourceVersion "1"]
[SourceVersionDate "2023.10.10"]
[SourceQuality "1"]

1. d4 e6 2. c4 b6 3. Nf3 Bb7 4. g3 Nf6 5. Bg2 Bb4+ 6. Bd2 a5 7. 0-0 Bxd2 8. Nbxd2 d6 9. Qc2 Nbd7 10. e4 0-0 11. Rfe1 e5 12. Rad1 Re8 13. b3 h6 14. Nb1 Qe7 15. Nc3 c6 16. h3 Rad8 17. a4 g6 18. Kh2 Qf8 19. d5 cxd5 20. Nxd5 Bxd5 21. exd5 Nc5 22. Re2 Nh5 23. Rde1 f5 24. Rd1 Qf6 25. Rde1 e4 26. Nd2 Qd4 27. Nf1 Nf6 28. Rd1 Nd3 29. Ne3 Qe5 30. Nf1 h5 31. Qb1 Nc5 32. f4 Qc3 33. Re3 Nd3 34. Nd2 h4 35. gxh4 Qd4 36. Nf1 Nh5 37. Qc2 Nhxf4 38. Qd2 Qe5 39. Kh1 Nh5 40. Nh2 Ng3+ 41. Kg1 f4 42. Qxd3 exd3 43. Rxe5 dxe5 44. Rxd3 e4 45. Rxg3 fxg3 46. Nf1 e3 47. Nxe3 Rxe3 48. Bf1 Re1 49. Kg2 Rf8 50. Bd3 Rff1 51. Kxg3 Re3+ 52. Kg2 Rxd3 53. Kxf1 Rxb3 54. Ke2 Rc3 55. Kd2 Rxc4 56. Kd3 Rxa4 57. d6 Kf7 58. d7 Ke7 0-1